000 01038cam a22002054a 4500
005 20250605163931.0
008 250528s ||||||||||||||||||||||||d
035 _a14695
020 _a805802835
040 _aGR-AtMCL
_bgre
_dGR-AtMCL
_eAACR2
245 1 _aStatistical Power Analysis for the Behavioral Sciences / Second Edition
250 _a2nd
260 _bLawrence Erlbaum Associates, Publishers,
_c1988
300 _a572
520 _aPreface, The Concepts of Power Analysis, The t Test for Means, The Significance of a Product Moment, Differences Between Correlation Coefficients, The Test that a Proportion is .50 and the Sign Test, Differences Between Proportions. Chi-Square Tests for Goodness of Fit and Contingency Tables, The Analysis of Variance and Covariance, Multiple Regression and Correlation Analysis, Set Correlation and Multivariate Methods, Some Issues in Power Analysis, Computational Procedures, References, Index.
700 1 _aCohen Jacob
_9440
942 _cBK
999 _c316
_d316